Szczegóły MARC21

Workshop proceedings of the 6th International Conference on Intelligent Environments /

005 -DATA I CZAS OSTATNIEJ MODYFIKACJI [,]
    • @
    • pole kontrolne
    • 20140617121522.0
020 -Międzynarod. znormalizowany nr książki - ISBN [ , ]
    • a
    • Numer ISBN
    • 9781607506386 Find
020 -Międzynarod. znormalizowany nr książki - ISBN [ , ]
    • a
    • Numer ISBN
    • 9781607506393 Find
040 -Instytucja sporządzająca opis [ , ]
    • a
    • Instytucja, która sporządziła opis (NP)
    • SZCZ U/DL
    • c
    • Instytucja, która sporządziła rekord (NP)
    • SZCZ U/DL
    • d
    • Instytucja, która zmodyfikowała rekord (P)
    • SZCZ U/JŚ
041 -Język dokumentu [0, ]
    • a
    • Język tekstu (P)
    • angielski
044 -Kraj miejsca wydania [ , ]
    • a
    • Kraj miejsca wydania
    • ne
942 -Rodzaj dokumentu [ , ]
    • c
    • Rodzaj dokumentu
    • Książka
245 -Strefa tytułu i oznaczenia odpowiedzialności [0,0]
    • a
    • Tytuł
    • Workshop proceedings of the 6th International Conference on Intelligent Environments / Find
    • c
    • Pozostałe elementy strefy tytułu i oznaczenia odpowiedzialności (NP)
    • ed. by Ramón López-Cózar [et al.].
260 -Strefa adresu wydawniczego [ , ]
    • a
    • Miejsce wydania (P)
    • Amsterdam [etc.] :
    • b
    • Nazwa wydawcy (P)
    • IOS Press,
    • c
    • Data wydania (P)
    • cop. 2010.
300 -Strefa opisu fizycznego [ , ]
    • a
    • Określenie formy książki i/lub objętość (NP)
    • XIII, 291 s. :
    • b
    • Oznaczenie ilustracji (NP)
    • il. ;
    • c
    • Format (NP)
    • 24 cm.
490 -Strefa serii i książki wielotomowej - forma nie do wyszukiwania [1, ]
    • a
    • Tytuł (P)
    • Ambient Intelligence and Smart Environments, Find
    • x
    • ISSN (NP)
    • 1875-4163 ;
    • v
    • Numeracja (P)
    • 8
830 -Hasło dodatkowe serii i opisu książki wielotomowej - tytuł ujednolicony/tytuł [ ,0]
    • 9
    • KHW
    • 71729
    • a
    • Tytuł ujednolicony/tytuł (NP)
    • Ambient Intelligence and Smart Environments
    • x
    • ISSN
    • 1875-4163
    • v
    • Oznaczenie tomu (NP)
    • vol. 8
504 -Uwaga dot. bibliogr. załącznikowej [ , ]
    • a
    • Uwaga dot. bibliografii załącznikowej
    • Indeks.
080 -Uniwersalna Klasyfikacja Dziesiętna [ , ]
    • 2
    • Identyfikator wydania tablic
    • UDC-P058
    • 9
    • UKD
    • 3996
    • a
    • Symbol klasyfikacji
    • 502.17
    • b
    • Dopowiedzenie
    • Racjonalne wykorzystanie zasobów naturalnych. Kontrola jakości środowiska. Ochrona gatunków zagrożonych. Rekultywacja. Odzysk. Technologie czyste. Recykling. Wykorzystanie odnawialnych źródeł energii. Renaturyzacja
    • 4
    • UKD2
    • 7644
    • x
    • Poddział wspólny
    • =111
    • c
    • Dopowiedzenie poddz. wspólnego
    • =Język angielski.
    • 4
    • UKD2
    • 7641
    • x
    • Poddział wspólny
    • (061)
    • c
    • Dopowiedzenie poddz. wspólnego
    • (Wydawnictwa odnoszące się do konferencji, zjazdów itd. Sprawozdania z konferencji).
980 -Symbol UKD [ , ]
    • a
    • UKD
    • 502.17(061)=111
700 -Hasło dodatkowe - nazwa osobowa [1, ]
    • 9
    • KHW
    • 71732
    • a
    • Nazwa osobowa (NP)
    • López-Cózar Delgado, Ramón. Find
    • e
    • Określenie rodzaju współpracy
    • Red.
710 -Hasło dodatkowe - nazwa ciała zbiorowego [2, ]
    • 4
    • Kod relacji
    • pbl
    • 9
    • KHW
    • 71517
    • a
    • Nazwa ciała zbiorowego lub nazwa geograficzna jako pierwszy element (NP)
    • IOS Press.
711 -Hasło dodatkowe - nazwa imprezy [2, ]
    • 9
    • KHW
    • 71733
    • a
    • Nazwa imprezy (NP)
    • International Conference on Intelligent Environments
    • n
    • Numer imprezy (P)
    • (6 ;
    • d
    • Data imprezy (NP)
    • 2010 ;
    • c
    • Miejsce imprezy (NP)
    • Kuala Lumpur).
920 -ISBN [ , ]
    • a
    • ISBN
    • 978-1-60750-638-6 (print) Find
920 -ISBN [ , ]
    • a
    • ISBN
    • 978-1-60750-639-3 (online) Find
Status udost. Numer inwentarzowy Sygnatura Data inwentaryzacji Lokalizacja
-2T.15799T.157992014-04-04T